00213nam a2200097Ia 4500008004100000100001500041245001800056260001800074300000900092650001400101190216s9999||||xx |||||||||||||| ||und|| aGeorge T S 0aKrishna Menon bPenguin Books a304p aBiography